Flagi znajdujące się na fladze Seszeli - Statystyki

Ogólne statystyki
  • Ten quiz został rozwiązany 42 razy
  • Średni wynik to 8 z 8
Odpowiedzi na mapie
Odpowiedzi zakodowano w zielono-czerwonej skali na mapie do tego quizu, zgodnie z poniższymi procentami.
 
Statystyki odpowiedzi
Państwo % Poprawnych
Obrócona o 90° {Ukraina}
100%
Obrócona o 180° {Polska}
97%
Rumunia
97%
Indonezja
94%
Monako
94%
Obrócona o 90° {Włochy}
92%
Węgry
89%
Czad
86%
Nie znaleziono quizów pasujących do podanych kryteriów
Rozkład punktacji
Procent ludzi z każdym wynikiem
Percentyl według liczby udzielonych odpowiedzi
Twoja historia wyników
Nie rozwiązałeś tego quizu